Agitation propaganda theatre / (Record no. 69223)

MARC details
000 -LEADER
fixed length control field 00796nam a22002297a 4500
005 - DATE AND TIME OF LATEST TRANSACTION
control field 20120823102751.0
008 - FIXED-LENGTH DATA ELEMENTS--GENERAL INFORMATION
fixed length control field 120823t xxu||||| |||| 00| 0 eng d
010 ## - LCCN (DPL NO)
LC control number ENG-105605
020 ## - INTERNATIONAL STANDARD BOOK NUMBER
International Standard Book Number 9788171429172
Terms of availability 295.00
020 ## - INTERNATIONAL STANDARD BOOK NUMBER
International Standard Book Number 8171429173
Terms of availability 295.00
035 ## - SYSTEM CONTROL NUMBER
System control number EN-89138
037 ## - SOURCE OF ACQUISITION
Source of stock number/acquisition DBAD/PUB
040 ## - CATALOGING SOURCE
Original cataloging agency DPL
Language of cataloging Eng
100 ## - MAIN ENTRY--PERSONAL NAME
9 (RLIN) 51282
Personal name Vellikkeel Raghavan
245 ## - TITLE STATEMENT
Title Agitation propaganda theatre /
Statement of responsibility, etc by Vellikkeel Raghavan
260 ## - PUBLICATION, DISTRIBUTION, ETC. (IMPRINT)
Place of publication, distribution, etc Chandigarh
Name of publisher, distributor, etc Unistar Books
Date of publication, distribution, etc 2012
270 ## - ADDRESS
Address S.C.O.26-27, Sector 34A
City Chandigarh
Postal code 160022
300 ## - PHYSICAL DESCRIPTION
Extent 151p.
Dimensions 24cm(Hb)
500 ## - GENERAL NOTE
General note Includes bibliographical references and index
942 ## - ADDED ENTRY ELEMENTS (KOHA)
Source of classification or shelving scheme Dewey Decimal Classification
Item type English Books
Call number suffix VEL
Holdings
Withdrawn status Lost status Source of classification or shelving scheme Damaged status Not for loan Collection code Home library Current library Date acquired Source of acquisition Cost, normal purchase price Total Checkouts Full call number Barcode Date last seen Copy number Cost, replacement price Koha item type
    Dewey Decimal Classification   Not For Loan Non-fiction D.B.Act.Division D.B.Act.Division 23/08/2012 DBAD / PUB 295.00   RAG EN-89138 23/08/2012 1 295.00 English Books

© Delhi Public Library
Hit Counter
free hit counter